Wydawcy po ich grach - Statystyki

Ogólne statystyki
  • Ten quiz został rozwiązany 10 razy
  • Średni wynik to 8 z 15
Statystyki odpowiedzi
Gry Wydawca % Poprawnych
Super Mario, The Legend of Zelda, Pokemon Nintendo
89%
Grand Theft Auto, Red Dead Redemption, Max Payne Rockstar
89%
Far Cry, Rayman, Just Dance Ubisoft
78%
FIFA, Battlefield, Madden NFL Electronic Arts
67%
,Unreal Tournament, Fortnite, Gears of War Epic Games
67%
Forza Horizon, Gears of War, Halo Microsoft
67%
Sonic the Hedgehog, Crazy Taxi, Streets of Rage SEGA
56%
Clash Royale, Boom Beach, Brawl Stars Supercell
56%
Half-Life, Counter Strike, Portal Valve
56%
Angry Birds, Bad Piggies, Amazing Alex Rovio
44%
Uncharted, The Last of Us, Ghost of Tsushima Sony
44%
Wiedźmin, Cyperpunk, Thronebreaker CD Project Red
33%
Fogger, Contra, Metal Gear Konami
33%
Pac-Man, Galaga, Dig Dug Namco
22%
World of Warcraft, Starcraft, Diablo Blizzard Entertainment
11%
Nie znaleziono quizów pasujących do podanych kryteriów
Rozkład punktacji
Procent ludzi z każdym wynikiem
Percentyl według liczby udzielonych odpowiedzi
Twoja historia wyników
Nie rozwiązałeś tego quizu